00948nam a2200265 4500003000400000005001700004008004100021040001800062041000800080050002100088100003500109245015600144264004000300300004300340336002200383337002400405338002400429490004000453650002100493650003900514650003400553650003100587700002900618700003500647OSt20260601193843.0260418b2002 xxu||||| |||| 00| 0 eng d aICIbspacICI aeng aHF5415.153 bC34 1aJonathan Cagan • Craig Vogel 1aCreating breakthrough products : binnovation from product planning to program approval / cJonathan Cagan, Craig M. Vogel ; foreword by Bruce Nussbaum bPrentice Hall ,c2002aNew Jersey : axxxii, 302 páginas : bilustraciones atexto2rdacontent asin medio2rdamedia avolumen2rdacarrier aFinancial Times Prentice Hall books aProductos nuevos aPlanificación de la producción aAdministración de productos 2Investigación de mercado aVogel, Craig M.,,dautor aNussbaum, Bruce, dprologuista